General Knowledge by Letter - A - Statistics

General Stats
  • This quiz has been taken 263 times
  • The average score is 7 of 21
Answer Stats
Hint Answer % Correct
Host of the first modern Olympic games Athens
92%
How Christians end a prayer Amen
86%
A simple devicing for basic calculating Abacus
69%
German motorway Autobahn
69%
Spanish water Agua
66%
Car associated with James Bond Aston Martin
64%
A nocturnal animal covered in body plates Armadillo
57%
Top/Highest point Apex
46%
British Walmart Asda
39%
Cracked the enigma code Alan Turing
35%
Played Jesse Pinkman in Breaking Bad Aaron Paul
29%
The world's biggest online commerce company Alibaba
22%
The AA is known as Alcoholics Anonymous and... Automobile Association
20%
The Italian football team Azzurri
14%
Band responsible for 'Matilda' and 'Left Hand Free' alt-J
10%
Lily Aldrin Alyson Hannigan
5%
She has a Barbarella swimsuit Arabella
4%
Liverpool's £25m Winger Adam Lallana
3%
Car driven by Luke and Blubber Bear Arkansas Chuggabug
2%
Non pack-a-punched Vitriolic Withering Acidgat
1%
Neo-Classical Economist who developed the profit maximisation theory Alfred Marshall
1%
No matching quizzes found
Score Distribution
Percent of People with Each Score
Percentile by Number Answered
Your Score History
You have not taken this quiz